000
00293pam a2200109a 44500
008
230405s2022 xxu||||| |||| 00| 0 eng d
041
_a
ENG
100
_a
DR.S. B.BHISE / DR A.A.HAJARE
245
_a
HUMAN ANATOMY AND PHYSIOLOGY -III
260
_a
_b
NIRALI PRAKASHAN PUNE
_c
2022
906
_a
5511
999
_c
270950
_d
270950